| 000 | 00531nam a2200205Ia 4500 | ||
|---|---|---|---|
| 008 | 171120s9999 xx 000 0 und d | ||
| 020 | _a717246922 | ||
| 050 | _a423 | ||
| 050 | _bN532 2004 | ||
| 245 | 4 | _aThe new Webster's dictionary of the english language / | |
| 260 | _aNew York : | ||
| 260 | _bLexicon Publications, Inc., | ||
| 260 | _c2004 | ||
| 300 | _avarious pages ; | ||
| 300 | _billustrations ; | ||
| 300 | _c28cm. | ||
| 650 | _aEnglish language -- | ||
| 650 | _aEnglish language. | ||
| 650 | _xDictionaries. | ||
| 999 |
_c345136 _d345136 |
||